000 00296nmm a2200097Ia 4500
008 220120s9999||||xx |||||||||||||||||und||
020 _a978-0-07-060092-8
100 _aPCQ
245 0 _a50 plus free software to manage monitor and secure your netw
260 _aCyber media Pvt. Ltd.
_bNew Delhi
_c2016
999 _c139997
_d139997